Municipal and rural sanitation (Record no. 12109)

000 -LEADER
fixed length control field 00625nam a22002171 4500
001 - CONTROL NUMBER
control field 12109
003 - CONTROL NUMBER IDENTIFIER
control field BD-DhUET
008 - FIXED-LENGTH DATA ELEMENTS--GENERAL INFORMATION
fixed length control field 720914s1965 nyua b 000 0 eng
040 ## - CATALOGING SOURCE
Original cataloging agency DLC
Transcribing agency DLC
Modifying agency BD-DhUET
082 ## - DEWEY DECIMAL CLASSIFICATION NUMBER
Classification number 628
Item number EHL/1965
100 ## - MAIN ENTRY--PERSONAL NAME
Personal name Ehlers, Victor M.
245 10 - TITLE STATEMENT
Title Municipal and rural sanitation
250 ## - EDITION STATEMENT
Edition statement 6th ed.
260 ## - PUBLICATION, DISTRIBUTION, ETC. (IMPRINT)
Place of publication, distribution, etc. New Delhi
Name of publisher, distributor, etc. Tata McGraw-Hill
Date of publication, distribution, etc. 1965
300 ## - PHYSICAL DESCRIPTION
Extent xiv, 663 p.
Other physical details ill.
Dimensions 24 cm.
490 0# - SERIES STATEMENT
Series statement McGraw-Hill series in sanitary science and water resources engineering
504 ## - BIBLIOGRAPHY, ETC. NOTE
Bibliography, etc Includes bibliographies
650 #0 - SUBJECT ADDED ENTRY--TOPICAL TERM
Topical term or geographic name as entry element Sanitary engineering
700 ## - ADDED ENTRY--PERSONAL NAME
Personal name Steel, Ernest W.
942 ## - ADDED ENTRY ELEMENTS (KOHA)
Koha item type General Book
Holdings
Not for loan Damaged status Shelving location Koha normalized classification for sorting Sublocation or collection (holding branch) Withdrawn status Price effective from Location (home branch) Koha full call number Koha date last seen Date acquired Copy number Piece designation (barcode) Source of classification or shelving scheme Lost status Koha item type
  Circulation section628_000000000000000_EHL_1965Central Library, BUET 2015-02-23Central Library, BUET628/EHL/19652015-02-232015-02-23154823  General Book
  Circulation section628_000000000000000_EHL_1965Central Library, BUET 2015-05-06Central Library, BUET628/EHL/19652015-05-062015-05-06257340  General Book
  Circulation section628_000000000000000_EHL_1965Central Library, BUET 2015-05-06Central Library, BUET628/EHL/19652015-05-062015-05-06357341  General Book
  Circulation section628_000000000000000_EHL_1958Central Library, BUET 2015-05-07Central Library, BUET628/EHL/19582015-05-072015-05-07442726  General Book
  Circulation section628_000000000000000_EHL_1965Central Library, BUET 2015-05-07Central Library, BUET628/EHL/19652015-05-072015-05-07519515  General Book
  Circulation section628_000000000000000_EHL_1965Central Library, BUET 2015-05-07Central Library, BUET628/EHL/19652015-05-072015-05-07620785  General Book
  Circulation section628_000000000000000_EHL_1965Central Library, BUET 2015-05-07Central Library, BUET628/EHL/19652015-05-072015-05-07719514  General Book
  Circulation section628_000000000000000_EHL_1965Central Library, BUET 2015-05-07Central Library, BUET628/EHL/19652015-05-072015-05-07825851  General Book
  Circulation section628_000000000000000_EHL_1965Central Library, BUET 2015-05-07Central Library, BUET628/EHL/19652015-05-072015-05-07920784  General Book